| 000 | 00508cam a2200181ua 4500 | ||
|---|---|---|---|
| 020 | _c233.00 | ||
| 041 |
_aeng _h |
||
| 082 |
_a631.45 _bGLO/ER |
||
| 100 | _aGlover, Harold . | ||
| 245 |
_aErrosion its causes and cure: a survey of soil conservation / _cHarold Glover. _hTextual Documents |
||
| 250 |
_a1 / _b. |
||
| 260 |
_aNew Delhi : _bInternational Books & Periodicals Supply Service , _c1985. |
||
| 300 | _a140 ; . | ||
| 365 | _a233.00 | ||
| 504 | _a | ||
| 942 | _cBK | ||
| 999 |
_c9488 _d9488 |
||